banner-ar

موسوعة اصطلاحات العلوم الاسلامية: المعروف بكشاف اصطلاحات الفنون / (Record no. 59355)

MARC details
000 -الفاتح
حقل البيانات ثابتة الطول 00775nam a2200193Ia 4500
008 - عناصر البيانات ثابتة الطول - معلومات عامة
حقل البيانات ثابتة الطول 140319s9999 xx 000 0 ara d
040 ## - مصدر الفهرسة
وكالة الفهرسة الأصلية GCL /
وكالة النسخ GCL
082 04 - رقم تصنيف ديوى العشرى
رقم التصنيف م
رقم المادة 413.1
-- ت م
100 1# - المدخل الرئيسى - إسم شخصى
الإسم الشخصى التهانوى , محمد على بن على
245 10 - بيان العنوان
العنوان موسوعة اصطلاحات العلوم الاسلامية: المعروف بكشاف اصطلاحات الفنون /
بيان المسئوليه,etc التهانوى , محمد على بن على
490 ## - بيان السلسلة
عنوان السلسلة مكتبة الدراسات الفلسفية
رقم المجلد/ التعيين التسلسلي 0
650 04 - المدخل الاضافى بالموضوع-مصطلح موضوعى
مصطلح موضوعي دوائر المعارف
650 04 - المدخل الاضافى بالموضوع-مصطلح موضوعى
مصطلح موضوعي الحضارة العربية الاسلامية - المعارف البحرية
650 04 - المدخل الاضافى بالموضوع-مصطلح موضوعى
مصطلح موضوعي الاسلام
650 04 - المدخل الاضافى بالموضوع-مصطلح موضوعى
مصطلح موضوعي العلوم عند العرب
942 ## - عناصر المدخل الإضافي( كوها)
مصدر التصنيف او مخطط الترفيف Dewey Decimal Classification
Koha [default] item type المراجع
260 ## - PUBLICATION, DISTRIBUTION, ETC. (IMPRINT)
-- [S.N] :
-- خياط
Holdings
حالة التراجع حالة الفقد حالة تلف ليس للاعارة المكان المؤقت الموقع الحالى تاريخ الاكتساب اجمالي اﻻعارات رقم الطلب الباركود تاريخ اخر مشاهدة تاريخ تفعيل السعر نوع وعاء كوها
        مكتبة القاهرة الكبرى مكتبة القاهرة الكبرى 03/26/2014   م\413.1\ت م 154683 03/26/2014 03/26/2014 المراجع
        مكتبة القاهرة الكبرى مكتبة القاهرة الكبرى 03/26/2014   م\413.1\ت م 154684 03/26/2014 03/26/2014 المراجع
        مكتبة القاهرة الكبرى مكتبة القاهرة الكبرى 03/26/2014   م\413.1\ت م 154685 03/26/2014 03/26/2014 المراجع
        مكتبة القاهرة الكبرى مكتبة القاهرة الكبرى 03/26/2014   م\413.1\ت م 154686 03/26/2014 03/26/2014 المراجع
        مكتبة القاهرة الكبرى مكتبة القاهرة الكبرى 03/26/2014   م\413.1\ت م 154687 03/26/2014 03/26/2014 المراجع
        مكتبة القاهرة الكبرى مكتبة القاهرة الكبرى 03/26/2014   م\413.1\ت م 154688 03/26/2014 03/26/2014 المراجع
        مكتبة القاهرة الكبرى مكتبة القاهرة الكبرى 03/26/2014   م\413.1\ت م 154689 03/26/2014 03/26/2014 المراجع
        مكتبة القاهرة الكبرى مكتبة القاهرة الكبرى 03/26/2014   م\413.1\ت م 154690 03/26/2014 03/26/2014 المراجع

Powered By

EGPV